00338pab a2200133 454500008004000000100001700040245005900057260000900116300001400125362001200139650002900151650001300180773001100193180718b2009 xxu||||| |||| 00| 0 eng d aShnmugam, V. aBiofuels - breaking the myth of indestructible energy? c2009 ap.173-89. aApr-Jun aRenewable energy sources aBiofules aMargin